000 00580nmm a2200169Ia 4500
008 251105s9999||||xx |||||||||||||||||und||
020 _a9788495107527
041 _aspa
100 _aAlbalá Hernández, Paloma.
245 0 _aAmericanismos en las Indias del Poniente :
_b Voces de origen indígena americano en las lenguas del Pacífico
264 _a[Madrid, España] :
_bIberoamericana Vervuert,
_c2000
300 _a270 páginas
490 _aLingüística Iberoamericana
650 _aLexicology
856 _uhttps://public.digitaliapublishing.com/a/18581
942 _cCF
999 _c89546
_d89546